000 00196 a2200097 4500
020 _a9789992463680
041 _aspa
100 _aGallo A.,Pedro R.
245 _aCodigo Procesal Penal
942 _cBK
999 _c10448
_d10448